Mon cher lit per clarinetto e pianoforte
Tallennettuna:
| Päätekijä: | |
|---|---|
| Aineistotyyppi: | Kirja |
| Kieli: | espanja |
| Julkaistu: |
s.n
1984
|
| Aiheet: | |
| Tagit: |
Lisää tagi
Ei tageja, Lisää ensimmäinen tagi!
|
MARC
| LEADER | 00000nam a2200000 a 4500 | ||
|---|---|---|---|
| 001 | UCX8077 | ||
| 003 | CL-VaPUC | ||
| 008 | 940121e19840000CL |||||||||||||||||spa|d | ||
| 082 | 0 | 4 | |a Du785.26 |b ALC |2 21 |
| 100 | 0 | |a Alcalde Cordero, Roberto Andrés |e author |9 325110 | |
| 245 | 1 | 0 | |a Mon cher lit per clarinetto e pianoforte |
| 300 | |a 20 p | ||
| 942 | |c BK | ||
| 945 | |d 19940121 00:00:00 |a oaravena | ||
| 260 | |b s.n |c 1984 | ||
| 650 | 7 | |a DUOS - PARTITURAS |2 CL-VaPUC |9 325111 | |
| 650 | 7 | |a MUSICA DE CAMARA - DUOS |2 CL-VaPUC |9 325112 | |
| 650 | 0 | |a Dúo de vientos de madera y piano |9 325120 | |
| 650 | 0 | |a Música para clarinete y piano |9 325114 | |
| 650 | 0 | |a Música contemporánea |9 306742 | |
| 650 | 0 | |a Compositores chilenos |9 306644 | |
| 650 | 0 | |a Música chilena |y Siglo 20 |9 324117 | |
| 583 | |a last modification |c 20120711 11:44:26 |k Rodrigo Vera | ||
| 999 | |c 227699 |d 227697 | ||
| 952 | |0 0 |1 0 |4 0 |6 DU_785_260000000000000_ALC_1984 |7 0 |8 F |9 226875 |a BIBEDU |b BIBEDU |d 2019-11-15 |i 3009904 |o Du785.26 ALC 1984 |p 3009904 |r 2023-11-22 |w 2019-11-15 |y BK_F |k MUS | ||